Music Quiz

Random Music or Song Quiz

The First Word: Jimi Hendrix Songs Quiz Stats

 Plays Quiz Updated Nov 28, 2018

     
Support Sporcle.
Go Orange.
Score 0/30 Timer 06:00
0 Plays Today
Song Title First Word % Correct
____ Along the WatchtowerAll
97.7%
____ You Experienced?Are
94.1%
____ HazePurple
92.8%
____ Spangled BannerStar
89.5%
____ JoeHey
84%
____ Child (Slight Return)Voodoo
72.4%
____ LadyFoxy
66.7%
____ WingLittle
64.7%
____ ThingWild
64%
____ 6 Was 9If
63.5%
____ TrafficCrosstown
61.5%
____ Stone From the SunThird
60.2%
____ Made of SandCastles
60%
____ my Train a Comin'Hear
56.9%
____ DepressionManic
52.3%
Song Title First Word % Correct
____ as LoveBold
49.9%
____ HouseRed
45.4%
____ FreeStone
45.2%
____ or ConfusionLove
41%
____ Rainy WishOne
38.5%
____ Hot Summer NightLong
38.4%
____ of the Midnight LampBurning
37.7%
____ Day, Dream AwayRainy
30.5%
____ This be LoveMay
29.8%
____ GunMachine
29.4%
____ DaggerDolly
25.2%
____ FloorKilling
23.5%
____ EyesGypsy
17.6%
____ of NeptuneValleys
10.4%
____ HeartBleeding
9.9%

From the Vault

Movie Titles with Repeated Words

by MSUKent

Movies 4m
It seems like Hollywood has finally run out of words.
Remove Ads.
Support Sporcle.
Get the best of Sporcle when you Go Orange. This ad-free experience offers more features, more stats, and more fun while also helping to support Sporcle. Thank you for becoming a member.

Show Comments

Extras

Top Quizzes Today


Score Distribution

Your Account Isn't Verified!

In order to create a playlist on Sporcle, you need to verify the email address you used during registration. Go to your Sporcle Settings to finish the process.

Report this User

Report this user for behavior that violates our Community Guidelines.

Details: